TECHNOLOGY OF MACHINE TOOLS (Registro nro. 49940)
[ vista simple ]
| 000 -LEADER | |
|---|---|
| fixed length control field | 00929nam a2200205 a 4500 |
| 001 - CONTROL NUMBER | |
| control field | 49940 |
| 005 - DATE AND TIME OF LATEST TRANSACTION | |
| control field | 20180714034823.0 |
| 008 - FIXED-LENGTH DATA ELEMENTS--GENERAL INFORMATION | |
| fixed length control field | 140415d 000 0 eng d |
| 020 ## - INTERNATIONAL STANDARD BOOK NUMBER | |
| International Standard Book Number | 0078307228 |
| 041 ## - LANGUAGE CODE | |
| Language code of text/sound track or separate title | eng |
| 082 ## - DEWEY DECIMAL CLASSIFICATION NUMBER | |
| Classification number | 621.902 |
| Item number | KRA |
| 100 1# - MAIN ENTRY--PERSONAL NAME | |
| Personal name | KRAR, STEVE F. |
| 245 10 - TITLE STATEMENT | |
| Title | TECHNOLOGY OF MACHINE TOOLS |
| 250 ## - EDITION STATEMENT | |
| Edition statement | 6a ed. |
| 260 ## - PUBLICATION, DISTRIBUTION, ETC. | |
| Place of publication, distribution, etc. | [s.l.] : |
| Name of publisher, distributor, etc. | MCGRAW-HILL, |
| Date of publication, distribution, etc. | [s.f.] |
| 300 ## - PHYSICAL DESCRIPTION | |
| Extent | 177 |
| Dimensions | 22.3 x 3.2 x 28.3 |
| 520 ## - SUMMARY, ETC. | |
| Summary, etc. | KRAR, GILL, AND SMIDS. TECHNOLOGY OF MACHINE TOOLS HAS BEEN THE BESTSELLING INTRODUCTION TOMACHINE TOOL TECHNOLOGY FOR DECADES; MACHINISTS THROUGHOUT THE WORLD HAVE STUDIED FROM THIS CLASSIC TEXT. THE NEW SIXTH EDITION PROVIDES A CONCISE OVERVIEW OF CURRENT MACHINE TRADES AND EMPLOYMENT OPPORTUNITIES, FOLLOWED BY COVERAGE OF KEY MACHINING CONCEPTS AND THEIR APPLICATION TO INDUSTRY. |
| 650 14 - SUBJECT ADDED ENTRY--TOPICAL TERM | |
| Topical term or geographic name entry element | MAQUINAS HERRAMIENTAS |
| 700 1# - ADDED ENTRY--PERSONAL NAME | |
| Personal name | SMID, PETER -GILL, ARTHUR R. |
| Relator term | coaut. |
| Withdrawn status | Lost status | Source of classification or shelving scheme | Damaged status | Not for loan | Collection code | Home library | Current library | Shelving location | Date acquired | Source of acquisition | Inventory number | Total Checkouts | Full call number | Barcode | Date last seen | Date last checked out | Price effective from | Koha item type |
|---|---|---|---|---|---|---|---|---|---|---|---|---|---|---|---|---|---|---|
| Dewey Decimal Classification | General | Biblioteca Karol Wojtyla | Biblioteca Karol Wojtyla | Sala general | 03/12/2013 | Compra | 151000000000000000004271 | 1 | 621.902 KRA | 74594 | 05/01/2026 | 14/03/2020 | 03/12/2013 | Libro |